| 000 | 00625nam a22002057a 4500 | ||
|---|---|---|---|
| 003 | OSt | ||
| 005 | 20251024090216.0 | ||
| 008 | 251024b |||||||| |||| 00| 0 eng d | ||
| 020 | _a978-621-406-326-0 | ||
| 040 |
_aDWC-Main lib. _cOC |
||
| 082 | _aFil. 641.5978 D583w 2022 | ||
| 100 | _aMaria Rhoda Dinaga | ||
| 245 |
_aWestern Cuisine/ _cMaria Rhoda Dinaga |
||
| 260 |
_aManila, _b Mindshapers co. inc. _c, c2022. |
||
| 300 |
_aviii, 210 pages _b : illustrations _c; 26cm. |
||
| 504 | _aIncludes bibliographical references | ||
| 650 | _aCuisine- Western | ||
| 650 | _a2. Recipe- Western | ||
| 942 |
_2ddc _cBK - FIL _kFil. _n0 |
||
| 999 |
_c5124 _d5124 |
||